000 00655nam a22002057a 4500
005 20170609165726.0
010 _aENG-118438
020 _a9789352605279
_c245.00
020 _a9352605276
_c245.00
035 _aEN-101970
037 _bDBAD/PUB
082 _a535.2
100 _aBahety,Sanjay K.
245 _aOptics and modern Physics for JEE :
_cby Sanjay K.Bahety
_bmain and advanced /
260 _aNoida
_bMcGraw Hill Education
_c2017
270 _aB-4 Sector-83,Distt. Gautam Budh Nagar
_bNoida (U.P.)
_e201301
300 _aVarious Pagings :
_c28cm (Pbk)
_bill.
505 _aPhysics Module-V
942 _2ddc
_cEN
_h535.2
_mBAH
999 _c140490
_d140490